Scant news in DTI analysis (Record no. 76402)

MARC details
000 -LEADER
fixed length control field 01094cab a2200205 4500
001 - CONTROL NUMBER
control field ##L132327
008 - FIXED-LENGTH DATA ELEMENTS--GENERAL INFORMATION
fixed length control field 060127n2006 000 0 eng u
035 ## - SYSTEM CONTROL NUMBER
System control number (Sirsi) u132327
041 0# - LANGUAGE CODE
Language code of text/sound track or separate title eng
100 1# - MAIN ENTRY--PERSONAL NAME
Personal name Brewer, Geoff
245 00 - TITLE STATEMENT
Title Scant news in DTI analysis
260 ## - PUBLICATION, DISTRIBUTION, ETC.
Date of publication, distribution, etc. 2006
490 #0 - SERIES STATEMENT
Series statement Contract Journal
Volume/sequential designation 431(6559) 25 January 2006, 27(1)
520 ## - SUMMARY, ETC.
Summary, etc. Reviews the results of the DTI consultation into the payment and adjudication provisions of the Housing Grants,Construction and Regeneration Act 1996. The results highlight industry concern on a number of issues, including payment mechanisms and the powers of an adjudicator, but little guidance is given as to how these issues will be addressed. The DTI intends to issue a final package of proposed amendments to the Act in spring 2006, with actual amendments to be implemented later in the year.
590 ## - LOCAL NOTE (RLIN)
Local note IKA310106
650 24 - SUBJECT ADDED ENTRY--TOPICAL TERM
Topical term or geographic name entry element HOUSING GRANTS, CONSTRUCTION AND REGENERATION ACT 1996
650 24 - SUBJECT ADDED ENTRY--TOPICAL TERM
Topical term or geographic name entry element LATHAM REFORMS
690 ## - LOCAL SUBJECT ADDED ENTRY--TOPICAL TERM (OCLC, RLIN)
Topical term or geographic name as entry element BUILT ENVIRONMENT-CONSTRUCTION MANAGEMENT-BUILDING CONTRACT ADMINISTRATION
942 ## - ADDED ENTRY ELEMENTS (KOHA)
Suppress in OPAC 0
Holdings
Withdrawn status Lost status Source of classification or shelving scheme Damaged status Not for loan Home library Current library Shelving location Date acquired Total Checkouts Full call number Barcode Date last seen Copy number Price effective from Koha item type
    Dewey Decimal Classification     London London Journal article 27/01/2006   L132327 132327-1001 06/08/2019 1 06/08/2019 Journal article